Österreichische Kronländer - Statistiken

Allgemein
  • Dieses Quiz wurde 25 mal gespielt
  • Das Durchschnittsergebnis liegt bei 9 aus 16
Antwortstatistiken
Tipp Kronland % Korrekt
T Herzogtum Tirol
87%
K Herzogtum Kärnten
83%
U Königreich Ungarn
83%
S Herzogtum Salzburg
74%
O Herzogtum Oberösterreich
70%
K Königreich Kroatien und Slawonien
70%
N Herzogtum Niederösterreich
65%
S Herzogtum Steiermark
65%
V Herzogtum Vorarlberg
65%
B Königreich Böhmen
61%
D Königreich Dalmatien
48%
K Herzogtum Krain
35%
G Königreich Galizien und Lodomerien
30%
K Küstenland
26%
B Herzogtum Bukowina
22%
S Herzogtum Schlesien
17%
Keine übereinstimmenden Quizze gefunden
Verteilung der Resultate
Anzahl Personen mit jedem Resultat
Perzentil nach korrekt beantworteten Fragen
Ihre Resultats-Entwicklung
Sie haben dieses Quiz noch nicht gespielt